| 000 | 00858nam a2200181Ia 4500 | ||
|---|---|---|---|
| 008 | 090630s9999 xx 000 0 und d | ||
| 082 | _b26151 | ||
| 100 | _aमिश्र अनुपम अनु. मलगे प्रदीप. | ||
| 245 |
_aतलावांची भारतीय परंपरा. _cमिश्र अनुपम अनु. मलगे प्रदीप. |
||
| 260 |
_bसाकेत - औरंगाबाद. _c2003 |
||
| 300 | _a84 | ||
| 600 | _aमिश्र अनुपम अनु. मलगे प्रदीप. | ||
| 630 | _aतलावांची भारतीय परंपरा. | ||
| 655 | _aइतर. | ||
| 700 | _aमिश्र अनुपम अनु. मलगे प्रदीप. | ||
| 730 | _aतलावांची भारतीय परंपरा. | ||
| 942 | _cBOOK | ||
| 999 |
_c278007 _d278007 |
||